[Event "Voronezh op"]
[Site "Voronezh"]
[Date "1998.06.13"]
[Round "2"]
[White "Safaev, A."]
[Black "Shestoperov, Aleksej"]
[Result "0-1"]
[WhiteElo "2200"]
[BlackElo "2415"]

1.d4 Nf6 2.c4 g6 3.Nf3 Bg7 4.g3 O-O 5.Bg2 d6 6.O-O c6 7.Nc3 Qa5 8.h3 e5 9.e4 Nbd7
10.Re1 exd4 11.Nxd4 Ne5 12.Bf1 Re8 13.Nb3 Qc7 14.f4 Ned7 15.Bg2 a5 16.Be3 a4
17.Nd4 Qa5 18.Nc2 Nb6 19.Qd3 Be6 20.b3 Nfd7 21.Bd2 Bxc4 22.bxc4 Nc5 23.Nd5 Nxd3
24.Bxa5 Nxe1 25.Rxe1 Nxc4 26.Nc7 Nxa5 27.Nxa8 Rxa8 28.Rb1 Bc3 29.Kf1 Kf8
30.Ke2 Ke7 31.Kd3 Bg7 32.Ne3 b5 33.e5 dxe5 34.fxe5 Bxe5 35.g4 Rd8+ 36.Ke2 Bc3  0-1

[Event "Budapest FS06 GM"]
[Site "Budapest"]
[Date "1998.06.15"]
[Round "10"]
[White "Csom, Istvan"]
[Black "Paschall, William M"]
[Result "1/2-1/2"]
[WhiteElo "2460"]
[BlackElo "2375"]

1.c4 g6 2.d4 Bg7 3.Nf3 Nf6 4.g3 O-O 5.Bg2 d6 6.Nc3 c6 7.O-O Qb6 8.h3 Na6
9.a3 Bf5 10.Ne1 e5 11.e4 Be6 12.d5 cxd5 13.cxd5 Bd7 14.Nd3 Rfc8 15.Be3 Qd8
16.Qd2 Nh5 17.Kh2 Nc7 18.Rac1 Nb5 19.Ne2 a5  1/2-1/2

[Event "Agency"]
[Site "London"]
[Date "1998.06.15"]
[Round "1"]
[White "Ippolito, Dean"]
[Black "Bates, Richard"]
[Result "1/2-1/2"]
[WhiteElo "2435"]
[BlackElo "2430"]

1.d4 Nf6 2.c4 g6 3.Nf3 Bg7 4.g3 O-O 5.Bg2 d6 6.O-O Nbd7 7.Nc3 e5 8.e4 exd4
9.Nxd4 Re8 10.h3 a6 11.Re1 Rb8 12.Be3 c5 13.Nc2 b5 14.Qxd6 bxc4 15.Na3 Rxb2
16.Nxc4 Rc2 17.Qd3 Rxc3 18.Qxc3 Nd5 19.Qd2 Nxe3 20.Qxe3 Bd4 21.Qf4 Ne5 22.Nxe5 Bxe5
23.Qc1 Bxa1 24.Qxa1 Be6 25.Rc1  1/2-1/2

[Event "Copenhagen op"]
[Site "Copenhagen"]
[Date "1998.06.22"]
[Round "2"]
[White "Guindy, Esmat"]
[Black "Olsen, Heini"]
[Result "0-1"]
[WhiteElo "2160"]
[BlackElo "2270"]

1.d4 Nf6 2.c4 g6 3.Nf3 Bg7 4.g3 O-O 5.Bg2 d6 6.O-O Nbd7 7.Nc3 e5 8.e4 c6
9.h3 Re8 10.Re1 a5 11.Be3 exd4 12.Bxd4 Qc7 13.Qc2 b6 14.Rad1 Ba6 15.b3 Rad8
16.Nh2 Nc5 17.f4 Re7 18.Bf2 Rde8 19.a3 Bb7 20.b4 axb4 21.axb4 Na6 22.Rb1 Rc8
23.Qd3 Nb8 24.Rbd1 Ne8 25.Ng4 Nd7 26.Ne3 Ndf6 27.b5 c5 28.Ned5 Bxd5 29.Nxd5 Nxd5
30.Qxd5 Re6 31.h4 Nf6 32.Qd3 Rce8 33.f5 gxf5 34.exf5 Rxe1+ 35.Bxe1 Ng4 36.Bc3 Re3
37.Qxd6 Qxd6 38.Rxd6 Bxc3 39.Bh3 Nf6 40.Rd8+ Kg7 41.Kg2 Bd4 42.Rb8  0-1

[Event "White Nights op"]
[Site "St Petersburg"]
[Date "1998.06.24"]
[Round "5"]
[White "Uchitel, Stanislav"]
[Black "Kazakov, Vladimir"]
[Result "1-0"]
[WhiteElo "2120"]
[BlackElo "2320"]

1.d4 Nf6 2.c4 g6 3.Nf3 Bg7 4.g3 O-O 5.Bg2 d6 6.O-O Nbd7 7.Nc3 e5 8.e4 c6
9.h3 Qb6 10.Re1 exd4 11.Nxd4 Re8 12.Nb3 Ne5 13.Bf1 Be6 14.Be3 Qc7 15.Nd2 Rad8
16.Rc1 a5 17.g4 Qc8 18.f4 Nexg4 19.hxg4 Bxg4 20.Be2 h5 21.Bxg4 Nxg4 22.Bb6 Rd7
23.Nf3 Rde7 24.Bd4 Bf6 25.Bxf6 Nxf6 26.Ng5 Nh7 27.Nxh7 Kxh7 28.Rc2 Qh3 29.Rg2 Qe6
30.b3 Qf6 31.Qf3 Qd4+ 32.Kh1 f5 33.Qg3 Qf6 34.Reg1 Rg7 35.Re1 Rge7 36.Rge2 Qd4
37.exf5 Rxe2 38.fxg6+ Kg7 39.Rxe2 Rxe2 40.Nxe2 Qe4+ 41.Qg2 Qb1+ 42.Kh2 Qxa2
43.f5 Qb2 44.Qe4 Qf6 45.Qd4 b5 46.Qxf6+ Kxf6 47.cxb5 cxb5 48.Nc3 a4 49.bxa4 b4
50.Nd5+ Kg7 51.Nxb4  1-0

[Event "Copenhagen op"]
[Site "Copenhagen"]
[Date "1998.06.26"]
[Round "6"]
[White "Guindy, Esmat"]
[Black "Carlsson, Daniel"]
[Result "0-1"]
[WhiteElo "2160"]
[BlackElo "2290"]

1.d4 Nf6 2.c4 g6 3.g3 Bg7 4.Bg2 O-O 5.Nf3 d6 6.O-O c6 7.Nc3 Qa5 8.e4 Bg4
9.h3 Bxf3 10.Bxf3 e5 11.Be3 Rd8 12.Qe2 Nbd7 13.Bg2 Qb4 14.Rfd1 Nb6 15.Bf1 Re8
16.d5 cxd5 17.Bxb6 d4 18.Bxd4 exd4 19.Rxd4 Nh5 20.Rd5 Bxc3 21.Rb5 Nxg3 22.Qd1 Nxe4
23.Rxb4 Bxb4 24.Bg2 Bc5 25.Bxe4 Rxe4 26.Qf3 Rae8 27.Rf1 Rxc4 28.Qxb7 Rb4
29.Qd7 Re2 30.b3 Kg7 31.Rc1 Rxa2 32.Rxc5 dxc5 33.Qd6 Rb6 34.Qd5 Rf6 35.f4 Ra3
36.Qxc5 Rxb3 37.Qxa7 Rf3 38.Kg2 R3xf4 39.Qc5 h5 40.Qe5 h4 41.Kg1 Kh7  0-1

[Event "World op"]
[Site "Philadelphia"]
[Date "1998.06.27"]
[Round "1"]
[White "Fedorowicz, John P"]
[Black "Weber, W."]
[Result "1-0"]
[WhiteElo "2495"]
[BlackElo "2095"]

1.d4 Nf6 2.Nf3 g6 3.c4 Bg7 4.g3 O-O 5.Bg2 d6 6.O-O Nc6 7.Nc3 a6 8.Re1 Rb8
9.Rb1 b5 10.cxb5 axb5 11.b4 e5 12.d5 Nd4 13.Nh4 Bd7 14.e3 Nf5 15.Nxf5 gxf5
16.Bb2 Ra8 17.a3 Qb8 18.Rc1 Qb7 19.Re2 e4 20.Rec2 Ng4 21.h3 Ne5 22.Ne2 Nc4
23.Bxg7 Kxg7 24.Nf4 Rxa3 25.Bf1 Ne5 26.Rxc7 Qa8 27.Qh5 Qd8 28.Rxd7 Nxd7 29.Qxf5 Nf6
30.Bxb5 Rb3 31.Bf1 h6 32.b5 Re8 33.h4 Qb6 34.Nh5+ Nxh5 35.Qg4+ Kh7 36.Qxh5 Qb7
37.Qf5+ Kg7 38.Rc6 Qe7 39.b6 Rb8 40.Qg4+ Kh7 41.Rc7 Qe8 42.Bg2 Rb4 43.b7 R4xb7
44.Bxe4+ Kh8 45.Qf5 Qg8 46.Rxb7 Rxb7 47.Qf6+ Qg7 48.Qd8+ Qg8 49.Qxd6 Kg7
50.Qe5+ Kf8 51.d6 Rd7 52.Bf5 Rd8 53.Qf6  1-0

[Event "White Nights"]
[Site "St Petersburg"]
[Date "1998.06.27"]
[Round "8"]
[White "Samuelsson, Sven Gunnar"]
[Black "Petkevich, Jusefs"]
[Result "1/2-1/2"]
[WhiteElo "2230"]
[BlackElo "2460"]

1.d4 Nf6 2.c4 g6 3.g3 Bg7 4.Bg2 O-O 5.Nf3 d6 6.O-O c6 7.Nc3 Nbd7 8.Qc2 e5
9.Rd1 Qe7 10.b3 Re8 11.e4 exd4 12.Nxd4 Ne5 13.f3 a5 14.Be3 Nfd7 15.Bf2 Nc5
16.h3 h5 17.f4 Ned7 18.Re1 Nf8 19.Rad1 Bd7 20.Re2 Rad8 21.Rde1 Nh7 22.a3 Ra8
23.b4 axb4 24.axb4 Na6 25.Qb3 Nf8 26.Rd2 Red8 27.Nf3  1/2-1/2

[Event "SVK-ch"]
[Site "Prievidza"]
[Date "1998.06.29"]
[Round "3.11"]
[White "Tibensky, Robert"]
[Black "Musil, Vitezslav"]
[Result "1-0"]
[WhiteElo "2435"]
[BlackElo "2210"]

1.d4 Nf6 2.Nf3 g6 3.c4 Bg7 4.g3 O-O 5.Bg2 d6 6.O-O Nbd7 7.Nc3 c6 8.h3 Nb6
9.b3 a5 10.e4 a4 11.Be3 axb3 12.axb3 Rxa1 13.Qxa1 c5 14.e5 Nfd7 15.exd6 exd6
16.Bg5 Nf6 17.Rd1 h6 18.Be3 Re8 19.dxc5 Rxe3 20.fxe3 Ne4 21.Qa5 Nxc3 22.Rxd6 Qe7
23.Qxb6 Qxe3+ 24.Kh2 Be6 25.Qxb7 Ne4 26.Rd8+ Kh7 27.Qxe4  1-0

[Event "RUS-Cup06"]
[Site "Nizhnij Novgorod"]
[Date "1998.07.02"]
[Round "4"]
[White "Irzhanov, Ruslan"]
[Black "Ulko, Jaroslav"]
[Result "1/2-1/2"]
[WhiteElo "2535"]
[BlackElo "2420"]

1.d4 Nf6 2.c4 g6 3.Nf3 Bg7 4.g3 O-O 5.Bg2 d6 6.Nc3 Nbd7 7.O-O e5 8.h3 Re8
9.e4 exd4 10.Nxd4 Nc5 11.Re1 a5 12.Qc2 c6 13.Be3 a4 14.Rad1 Qa5 15.Bf4 Ne6
16.Nxe6 Bxe6 17.Bxd6 Bxc4 18.e5 Nd7 19.b3 axb3 20.axb3 Be6 21.b4 Qb6 22.Na4 Qb5
23.Nc5 Ra2 24.Qc3 Nxc5 25.bxc5 Rb2 26.Bf1 Qb3 27.Qxb3 Rxb3 28.Rb1 Rxb1 29.Rxb1 Bd5
30.Bg2 Bxe5 31.Bxd5 Bxd6 32.Bxf7+ Kxf7 33.cxd6 Rb8 34.Re1 b5 35.Rc1 Rb6 36.Re1 b4
37.d7 Rb8 38.Kg2 b3 39.Re3 Rd8 40.Rxb3 Rxd7 41.Kf3 Ke6 42.Ke4 Ra7 43.Rd3 c5  1/2-1/2

[Event "Lost Boys op"]
[Site "Antwerp"]
[Date "1998.07.03"]
[Round "4"]
[White "Kogan, Artur"]
[Black "Sorkin, Igor"]
[Result "1-0"]
[WhiteElo "2505"]
[BlackElo "2290"]

1.Nf3 Nf6 2.c4 g6 3.d4 Bg7 4.g3 O-O 5.Bg2 d6 6.Nc3 c6 7.O-O Bf5 8.Ne1 e5
9.d5 c5 10.e4 Bc8 11.Nd3 Ne8 12.f4 exf4 13.gxf4 Nd7 14.Qe1 Qe7 15.Bd2 a6
16.a4 Rb8 17.Qg3 b5 18.axb5 Nb6 19.b3 axb5 20.cxb5 Qc7 21.Kh1 Bd7 22.Rac1 Nc8
23.e5 Ne7 24.Qf2 Bxb5 25.Nxb5 Rxb5 26.b4 c4 27.Qd4 Qb7 28.Qxc4 Qb8 29.Rfe1 Rb7
30.Qe4 Qd8 31.Bc3 Rd7 32.e6 f5 33.Qe3 Rb7 34.Bxg7 Kxg7 35.Qd4+ Nf6 36.Rc4 Kg8
37.Ra1 Qb6 38.Qxb6 Rxb6 39.Ra5 Rfb8 40.Rc7 R6b7 41.Rxb7 Rxb7 42.Kg1 Ne4 43.Kf1 Nd2+
44.Ke2 Nc4 45.Ra8+ Kg7 46.Rd8 Rb5 47.Re8 Rb7 48.Bf3 h6 49.h4 Nb6 50.Rd8  1-0

[Event "SVK-ch"]
[Site "Prievidza"]
[Date "1998.07.03"]
[Round "7.44"]
[White "Maiorov, Nikita"]
[Black "Priam, Stefan"]
[Result "1-0"]
[WhiteElo "2085"]
[BlackElo "1930"]

1.Nf3 Nf6 2.c4 g6 3.d4 Bg7 4.g3 O-O 5.Bg2 d6 6.O-O Re8 7.Nc3 c6 8.e4 Nfd7
9.Bg5 h6 10.Be3 e5 11.Qc2 exd4 12.Nxd4 Ne5 13.Nce2 Nbd7 14.Rad1 Qe7 15.h3 Nc5
16.b3 Ned7 17.Nc3 Nf6 18.Rfe1 a5 19.Bf4 Nh5 20.Be3 Nf6 21.f4 Bd7 22.Bf2 Rab8
23.e5 dxe5 24.Rxe5 Ne6 25.Nxe6 Bxe6 26.Bc5 Qc7 27.Bd6 Qb6+ 28.c5 Qb4 29.Bxb8 Rxb8
30.Na4 Nh5 31.Rxe6 fxe6 32.Qxg6 Nf6 33.Qd3 Nd5 34.Qe2 Kf7 35.Kh2 Re8 36.f5 Nf6
37.Bf3 e5 38.Bh5+ Nxh5 39.Qxh5+ Ke7 40.Qg6 Bf6 41.Nb6 Rd8 42.Qh7+ Kf8 43.Nd7+ Rxd7
44.Rxd7 Qc4 45.bxc4  1-0

[Event "RUS-Cup06"]
[Site "Nizhnij Novgorod"]
[Date "1998.07.04"]
[Round "6"]
[White "Filippov, Valerij"]
[Black "Rashkovsky, Nukhim N"]
[Result "1-0"]
[WhiteElo "2595"]
[BlackElo "2505"]

1.Nf3 Nf6 2.c4 g6 3.d4 Bg7 4.g3 O-O 5.Bg2 d6 6.Nc3 Nc6 7.O-O a6 8.Re1 Rb8
9.Rb1 Na5 10.Qa4 b6 11.Nd5 Bd7 12.Qc2 b5 13.Nxf6+ exf6 14.c5 d5 15.Nh4 Be6
16.b3 Nc6 17.Bb2 f5 18.e3 Qd7 19.Rbd1 Rfe8 20.Nf3 f6 21.Re2 Bf7 22.Ne1 h5
23.Nd3 Bh6 24.Bc3 Re7 25.b4 Rbe8 26.a4 h4 27.axb5 axb5 28.Ra1 hxg3 29.hxg3 g5
30.Rae1 Nd8 31.c6 Qxc6 32.Nc5 Kg7 33.Qxf5 Nb7 34.Ra2 Nd6 35.Qc2 Ra8 36.Rea1 Rxa2
37.Qxa2 Ne4 38.Be1 Nxc5 39.dxc5 Qe6 40.Bc3 c6 41.Qa8 Be8 42.Qd8 Kh7 43.Ra6 Bg7
44.Qd6 g4 45.Qf4 f5 46.Bxg7 Kxg7 47.Bf1 Qe5 48.Qg5+ Kf8 49.Bd3 Bd7 50.Ra8+ Re8
51.Qh6+ Ke7 52.Qh7+ Kf8 53.Qh6+ Ke7 54.Ra2 Kd8 55.Qg5+  1-0

[Event "SVK-ch"]
[Site "Prievidza"]
[Date "1998.07.05"]
[Round "9.6"]
[White "Tibensky, Robert"]
[Black "Hagarova, Zuzana"]
[Result "1-0"]
[WhiteElo "2435"]
[BlackElo "2305"]

1.d4 Nf6 2.Nf3 g6 3.c4 Bg7 4.g3 O-O 5.Bg2 d6 6.O-O c6 7.Nc3 Qb6 8.h3 Na6
9.e4 e5 10.Re1 exd4 11.Nxd4 Ng4 12.Nce2 Ne5 13.b3 Nb4 14.Be3 c5 15.Nc2 Ned3
16.Nxb4 Nxb4 17.Qd2 Bxa1 18.Rxa1 Qd8 19.Rd1 Qe7 20.Bf4 Rd8 21.e5 Bf5 22.exd6 Qe6
23.Nc3 Bxh3 24.Bxb7 Rab8 25.Bh1 Bf5 26.Re1 Qc8 27.a3 Nd3 28.Nd5 Qa6 29.Ne7+  1-0

[Event "Politiken Cup"]
[Site "Copenhagen"]
[Date "1998.07.10"]
[Round "7"]
[White "Jakobsen, Ole"]
[Black "Larsen, Karsten"]
[Result "0-1"]
[WhiteElo "2345"]
[BlackElo "2245"]

1.c4 Nf6 2.Nf3 g6 3.g3 Bg7 4.Bg2 d6 5.d4 O-O 6.O-O c5 7.b3 Nc6 8.Bb2 Ne4
9.Nbd2 Bf5 10.Nh4 Nxd2 11.Qxd2 Nxd4 12.Nxf5 Nxf5 13.Bxg7 Nxg7 14.Bxb7 Rb8
15.Bg2 a5 16.Rab1 Qb6 17.Be4 a4 18.bxa4 Qa6 19.Qc2 Ne6 20.e3 Rb4 21.Rxb4 cxb4
22.Rb1 Qa5 23.Bd5 Nc5 24.Qd2 Rb8 25.a3 Na6 26.axb4 Rxb4 27.Rxb4 Nxb4 28.Qd1 Na6
29.Bc6 Qc3 30.Bb5 Nc5 31.h4 h5 32.Qf3 Kg7 33.Qd1 Kg8 34.Kg2 Qa3 35.Qf3 Nd3
36.Qa8+ Kg7 37.Qe4 Ne1+ 38.Kf1 Qc1 39.Ke2 Nc2 40.Qg2 Qe1+ 41.Kd3 Nb4+ 42.Ke4 f5+
43.Kf4 Nd3+ 44.Kg5 Qc3  0-1

[Event "Politiken Cup"]
[Site "Copenhagen"]
[Date "1998.07.12"]
[Round "8"]
[White "Petersen, Steen"]
[Black "Nordahl, Helge"]
[Result "1/2-1/2"]
[WhiteElo "2130"]
[BlackElo "2245"]

1.d4 Nf6 2.Nf3 g6 3.c4 Bg7 4.g3 O-O 5.Bg2 d6 6.O-O Nc6 7.Nc3 e5 8.d5 Ne7
9.e4 Nd7 10.Ne1 f5 11.Nd3 Kh8 12.f4 exf4  1/2-1/2

[Event "Politiken Cup"]
[Site "Copenhagen"]
[Date "1998.07.13"]
[Round "9"]
[White "Jakobsen, Ole"]
[Black "Frederiksen, Henrik"]
[Result "1/2-1/2"]
[WhiteElo "2345"]
[BlackElo "2150"]

1.c4 Nf6 2.Nf3 g6 3.g3 Bg7 4.Bg2 d6 5.d4 O-O 6.O-O c6 7.Nc3 Nbd7 8.e4 e5
9.b3 Re8 10.Bb2 Bf8 11.Qc2 Ng4 12.h3 Ngf6 13.Rad1 Qa5 14.a3 Bg7 15.Rfe1 Nf8
16.b4 Qc7 17.Na4 N8d7 18.Qd2 Nb6 19.Nxb6 axb6 20.d5 c5 21.b5 Qe7 22.Qc2 Nd7
23.Nd2 Qg5 24.Nf1 h5 25.h4 Qe7 26.Bh3 Nf6 27.Bxc8 Raxc8 28.Bc1 Qd7 29.Kg2 Rf8
30.a4 Rce8 31.Bd2 Nh7 32.a5 bxa5 33.Bxa5 b6 34.Bd2 f5 35.exf5 Rxf5 36.Re2 Qf7
37.Nh2 Rf8 38.Rf1 Rf3 39.Be3 Rf5 40.Ra1 g5 41.hxg5 Nxg5 42.Bxg5 Rxg5 43.Qe4 Rf5
44.Raa2 Bh6 45.Kh1 Bg5 46.Ra6 h4 47.Rxb6 hxg3 48.fxg3 Qh7 49.Kg1 Qh3 50.Qg2 Qh6
51.Qe4 Qh3  1/2-1/2

[Event "RUS-Cup07"]
[Site "Tomsk"]
[Date "1998.07.16"]
[Round "2"]
[White "Bocharov, Dmitry"]
[Black "Shchekachev, Andrei"]
[Result "1-0"]
[WhiteElo "2245"]
[BlackElo "2565"]

1.d4 Nf6 2.Nf3 g6 3.c4 Bg7 4.g3 O-O 5.Bg2 d6 6.O-O Nc6 7.Nc3 a6 8.d5 Na5
9.Nd2 c5 10.Qc2 e5 11.a3 b6 12.b4 Nb7 13.Rb1 Bd7 14.Na4 Rb8 15.bxc5 Nxc5
16.Nxc5 bxc5 17.Bb2 Qc7 18.Bc3 Ng4 19.h3 Nh6 20.e4 f5 21.f4 Rbe8 22.fxe5 Bxe5
23.Bxe5 Rxe5 24.Nf3 Rxe4 25.Ng5 Re3 26.Qd2 Rxg3 27.Ne6 Bxe6 28.dxe6 Qg7 29.Qxd6 f4
30.e7  1-0

[Event "RUS-Cup07"]
[Site "Tomsk"]
[Date "1998.07.16"]
[Round "2"]
[White "Vaulin, Alexander"]
[Black "Nevostrujev, Vladimir"]
[Result "1-0"]
[WhiteElo "2535"]
[BlackElo "2410"]

1.d4 Nf6 2.Nf3 g6 3.c4 Bg7 4.g3 O-O 5.Bg2 d6 6.O-O Nbd7 7.Nc3 e5 8.e4 exd4
9.Nxd4 Re8 10.h3 Nc5 11.Re1 a5 12.b3 c6 13.Bf4 h6 14.Qc2 Nfxe4 15.Nxe4 Nxe4
16.Rxe4 Rxe4 17.Qxe4 c5 18.Re1 cxd4 19.Qe8+ Qxe8 20.Rxe8+ Kh7 21.Bd5 a4 22.b4 d3
23.Bd2 Bf6 24.Rf8 Bg7 25.Rxf7 Bxh3 26.Bc3 Rg8 27.Rxb7 Kh8 28.Rxg7 Rxg7 29.Bf3 d2
30.b5 Bf5 31.Bd1 g5 32.f3 h5 33.g4 hxg4 34.fxg4 Bd3 35.b6  1-0

[Event "St Veit op 17th"]
[Site "St Veit"]
[Date "1998.07.17"]
[Round "7"]
[White "Ruck, Robert"]
[Black "Mahdi, Khaled"]
[Result "1/2-1/2"]
[WhiteElo "2485"]
[BlackElo "2405"]

1.d4 Nf6 2.c4 g6 3.Nf3 Bg7 4.g3 O-O 5.Bg2 d6 6.Nc3 Nc6 7.O-O a6 8.Bd2 Nd7
9.d5 Nce5 10.Nxe5 Nxe5 11.b3 c5 12.dxc6 Nxc6 13.Rc1 Bd7 14.Be3 Rb8 15.Qd2 Ne5
16.Rfd1 Bc6 17.Nd5 Nd7 18.Bg5 Re8 19.h4 Bxd5 20.Bxd5 Nf6 21.Bf3 Qc8 22.Be3 Qf5
23.c5 d5 24.Qc2 Qxc2 25.Rxc2 e6 26.Bd4 Rbc8 27.Bxf6 Bxf6 28.e4 dxe4 29.Bxe4 Rc7
30.b4 Rec8 31.Rd6 Rd8 32.Rb6 Rdd7 33.a4 Kf8 34.c6 bxc6 35.Bxc6 Rd1+ 36.Kg2 Rb1
37.Rc4 Be7 38.Rb8+ Kg7 39.b5 axb5 40.axb5 Bd6 41.Rd8 Be7 42.Ra8 Rb4 43.Rxb4 Bxb4
44.Ra6 Bc5 45.Be4 Ra7 46.Rc6 Bd4 47.Ra6 Rxa6  1/2-1/2

[Event "Szeged TT07 IM"]
[Site "Szeged"]
[Date "1998.07.17"]
[Round "2"]
[White "Zakarias, David"]
[Black "Farkas, Tibor"]
[Result "1/2-1/2"]
[WhiteElo "2195"]
[BlackElo "2275"]

1.d4 Nf6 2.Nf3 g6 3.c4 Bg7 4.g3 O-O 5.Bg2 d6 6.Nc3 Nbd7 7.O-O e5 8.h3 c6
9.e4 Qb6 10.Re1 exd4 11.Nxd4 Ne8 12.Nb3 a5 13.Be3 Qb4 14.a3 Qxc4 15.Nd4 Bxd4
16.Bxd4 Nc5 17.Bf1 Qe6 18.Bxc5 dxc5 19.Na4 Qe7 20.Nb6 Rb8 21.Qd2 a4 22.Rac1 Be6
23.Qa5 Nf6 24.Qxc5  1/2-1/2

[Event "RUS-Cup07"]
[Site "Tomsk"]
[Date "1998.07.22"]
[Round "8"]
[White "Fominyh, Alexander"]
[Black "Kalashnikov, Konstantin"]
[Result "1-0"]
[WhiteElo "2530"]
[BlackElo "2315"]

1.d4 d6 2.g3 g6 3.Bg2 Bg7 4.Nf3 Nf6 5.c4 O-O 6.O-O Nbd7 7.Qc2 e5 8.Rd1 Re8
9.e4 c6 10.Nc3 a5 11.b3 Qe7 12.Be3 exd4 13.Nxd4 Ng4 14.Bf4 Nge5 15.Na4 Nc5
16.Nb6 Ra6 17.Nxc8 Rxc8 18.Rab1 Ne6 19.Nxe6 fxe6 20.h4 c5 21.Rd2 Rf8 22.Qd1 a4
23.Be3 axb3 24.axb3 h5 25.Bg5 Qc7 26.Kh1 Rfa8 27.Bh3 Re8 28.Be3 Qc6 29.Bg2 Rea8
30.f4 Ng4 31.Bg1 e5 32.Bf3 Kh8 33.f5 Bh6 34.Rg2 Nf6 35.fxg6 Ra2 36.Qd3 Ra1
37.Rd1 Rxd1 38.Qxd1 Kg7 39.Kh2 Rb8 40.Ra2 Rf8 41.Qe2 Kxg6 42.Be3 Bxe3 43.Qxe3 Nh7
44.Qe2 Nf6 45.Bxh5+ Kg7 46.Bf3 Qd7 47.Rd2 Qe6 48.Kg2 Kf7 49.Qe3 Ke7 50.Rf2 Rg8
51.Be2 Rg7 52.Rf5 b6 53.Rf1 Rg8 54.Ra1 Nd7 55.Kh2 Qf6 56.Bf1 Nb8 57.Ra7+ Kd8
58.Bh3 Rf8 59.Bf5 Nc6 60.Rd7+ Ke8 61.Rb7 Nd4 62.Rxb6 Kd8 63.Rb8+ Kc7 64.Rxf8 Qxf8
65.Kh3 Qa8 66.Qg5 Nc6 67.Qc1 Qa2 68.Bg4 Nd4 69.h5 Nc6 70.h6 Qf2 71.h7 Qf6
72.Kg2 Nd8 73.Qh1 Nf7 74.Qf1 Qxf1+ 75.Kxf1 Kd8 76.Bh5 Nh8 77.g4  1-0

[Event "RUS-Cup07"]
[Site "Tomsk"]
[Date "1998.07.22"]
[Round "8"]
[White "Vaulin, Alexander"]
[Black "Smirnov, Pavel"]
[Result "1/2-1/2"]
[WhiteElo "2535"]
[BlackElo "2365"]

1.d4 Nf6 2.Nf3 g6 3.c4 Bg7 4.g3 O-O 5.Bg2 d6 6.O-O Nbd7 7.Nc3 e5 8.e4 a6
9.h3 b5 10.dxe5 dxe5 11.cxb5 axb5 12.Qc2 c6 13.Be3 Qe7 14.Rfd1 Bb7 15.b3 Rfc8
16.a4 Nc5 17.a5 Bf8 18.Ne1 Ne6 19.Nd3 Nd4 20.Qa2 b4 21.Bxd4 exd4 22.Nb1 Ba6
23.Qc2 Nxe4 24.Re1 Bxd3 25.Qxd3 Nc5 26.Qd1 Qd8 27.Nd2 Rxa5 28.Rxa5 Qxa5 29.Qg4 Qd8
30.Bf1 d3 31.Qxb4 Ne6 32.Qc4 Bh6 33.Rd1 Nd4 34.Ne4 d2 35.Kg2 Qd5 36.f3 Qxc4
37.Bxc4 Nf5 38.Nf6+ Kg7 39.Ng4 Bg5 40.f4 h5 41.fxg5 hxg4 42.Rxd2 gxh3+ 43.Kxh3 Ne3
44.g4 Nxc4 45.bxc4 Re8  1/2-1/2

[Event "Szeged TT07 IM"]
[Site "Szeged"]
[Date "1998.07.24"]
[Round "9"]
[White "Zakarias, David"]
[Black "Nanu, Ciprian"]
[Result "1/2-1/2"]
[WhiteElo "2195"]
[BlackElo "2405"]

1.d4 Nf6 2.Nf3 g6 3.c4 Bg7 4.g3 O-O 5.Bg2 d6 6.Nc3 Nbd7 7.O-O e5 8.h3 a6
9.Re1 Rb8 10.e4 b5 11.cxb5 axb5 12.Bg5 h6 13.Bxf6 Bxf6 14.Qd2 Bg7 15.Rad1 c6
16.dxe5 dxe5 17.Qc2 Qe7 18.Rd2 Nc5 19.Red1 Be6 20.Rd6 Rbc8 21.Ne2 Na6 22.Nc3 Nb4
23.Qb1 Na6 24.Nxb5 cxb5 25.Rxa6 Rfd8 26.Ra3 Rxd1+ 27.Qxd1 b4 28.Rd3 Ra8 29.a3 bxa3
30.bxa3 Rxa3 31.Rxa3 Qxa3 32.g4 Qb4 33.Qc2 Bf6 34.Bf1 Kg7 35.Kg2 Kh7 36.Be2 Kg7
37.Bf1 Qb7 38.Bd3 Bd7 39.Qc3 Bc6 40.Qc4 Qd7 41.Qc3 Qd6 42.Qc2 Bd8 43.Nxe5 Bxe4+
44.Bxe4 Qxe5 45.Qd3 Bc7 46.Kf1 Bb6 47.Kg2 h5 48.Qf3 h4 49.Qd3 Bc7 50.Qf3 Bb6
51.Qd3 Kf6 52.Kf1 Qb2 53.Qf3+ Kg7 54.Kg2  1/2-1/2

[Event "Cardoza US op"]
[Site "Kona"]
[Date "1998.08.04"]
[Round "4"]
[White "Kacheishvili, Giorgi"]
[Black "Martinez, Marce"]
[Result "1-0"]
[WhiteElo "2510"]
[BlackElo "2270"]

1.d4 Nf6 2.c4 g6 3.g3 Bg7 4.Bg2 O-O 5.Nf3 d6 6.O-O c5 7.Nc3 Nc6 8.dxc5 dxc5
9.Bf4 Be6 10.Ne5 Na5 11.Qa4 Nd7 12.Nxd7 Bxd7 13.Qc2 Nc6 14.Rad1 Nd4 15.Qc1 Qc8
16.Rfe1 Re8 17.Nd5 Ne6 18.Bh6 Nd4 19.Bxg7 Kxg7 20.e3 Nc6 21.Qc3+ f6 22.Rd2 Bg4
23.f3 Be6 24.Red1 Rb8 25.a3 b6 26.f4 Bg4 27.Rc1 Rf8 28.b4 Rf7 29.b5 Nd8 30.e4 Be6
31.Rcd1 Nb7 32.a4 Na5 33.f5 Bxd5 34.cxd5 c4 35.fxg6 Qc5+ 36.Kh1 hxg6 37.e5 Rd8
38.Rf1 Nb3 39.Rdd1 Rdf8 40.e6  1-0

[Event "MK Cafe Cup-A"]
[Site "Koszalin"]
[Date "1998.08.04"]
[Round "2"]
[White "Adianto, Utut"]
[Black "Syrtlanov, Vil"]
[Result "1-0"]
[WhiteElo "2610"]
[BlackElo "2410"]

1.d4 Nf6 2.c4 g6 3.Nf3 Bg7 4.g3 O-O 5.Bg2 d6 6.O-O Nbd7 7.Nc3 e5 8.h3 c6
9.e4 exd4 10.Nxd4 Re8 11.Re1 Nc5 12.Bf4 Ne6 13.Nxe6 Bxe6 14.Qxd6 Bxc4 15.Rad1 Qa5
16.b4 Qa3 17.Re3 Qb2 18.e5 Nh5 19.Qd4 Nxf4 20.Qxc4 Nxg2 21.Kxg2 Rxe5 22.Na4 Rxe3
23.Nxb2 Re7 24.Qb3 Rae8 25.Nc4 h5 26.a4 a6 27.a5 Rc7 28.Rd3 Bf8 29.Re3 Rd8
30.Re4 Rcd7 31.Qe3 Bxb4 32.Ne5 Bd2 33.Qb6 Rd5 34.Qxb7 Rf8 35.Qxc6  1-0

[Event "MK Cafe Cup-A"]
[Site "Koszalin"]
[Date "1998.08.04"]
[Round "2"]
[White "Podgaets, Mikhail"]
[Black "Bobras, Piotr"]
[Result "1-0"]
[WhiteElo "2475"]
[BlackElo "2345"]

1.d4 Nf6 2.Nf3 g6 3.c4 Bg7 4.g3 O-O 5.Bg2 d6 6.O-O c6 7.Nc3 Na6 8.h3 e5 9.e4 Qb6
10.Re1 exd4 11.Nxd4 Re8 12.Na4 Qa5 13.Bf4 Nc5 14.Nxc5 Qxc5 15.Nb3 Qxc4 16.Bxd6 Qa4
17.e5 Nd5 18.Nc5 Qxd1 19.Raxd1 b6 20.Ne4 Be6 21.Ng5 Rad8 22.b4 Bf8 23.Bxf8 Rxf8
24.a3 Rd7 25.Rc1 Rc8 26.Red1 Rcc7 27.Rd2 Ne7 28.Rd6 Bd5 29.Ne4 Kg7 30.Nf6 Bxg2
31.Kxg2 Rxd6 32.exd6 Rc8 33.dxe7  1-0

[Event "MK Cafe Cup-A"]
[Site "Koszalin"]
[Date "1998.08.05"]
[Round "3"]
[White "Kharitonov, Andrei Y"]
[Black "Mainka, Romuald"]
[Result "1-0"]
[WhiteElo "2570"]
[BlackElo "2480"]

1.d4 Nf6 2.Nf3 g6 3.g3 Bg7 4.Bg2 O-O 5.c4 d6 6.O-O Nc6 7.Nc3 Rb8 8.d5 Na5
9.Nd2 Nd7 10.Qc2 Ne5 11.b3 c6 12.Bb2 b5 13.cxb5 cxb5 14.h3 Bf5 15.e4 Bd7
16.f4 Qb6+ 17.Kh2 Rfc8 18.fxe5 b4 19.Nf3 bxc3 20.Bxc3 Nb7 21.Qd2 Nc5 22.Bd4 Qb4
23.Qe3 Bb5 24.Rfd1 Nd7 25.a3 Qa5 26.e6 fxe6 27.dxe6 Bxd4 28.Rxd4 Nf6 29.e5 dxe5
30.Nxe5 Rc2 31.a4 Ba6 32.Nd7 Bb7 33.Rg1 Rbc8 34.Nxf6+ exf6 35.e7 Re8 36.Rd8 Rxd8
37.e8=Q+ Rxe8 38.Qxe8+ Kg7 39.Qe7+ Kh6 40.Qxb7 Qe5 41.Qxa7  1-0

[Event "Stockholm2"]
[Site "Stockholm"]
[Date "1998.08.05"]
[Round "5"]
[White "Bator, Robert"]
[Black "Seeman, Tarvo"]
[Result "1/2-1/2"]
[WhiteElo "2410"]
[BlackElo "2475"]

1.d4 Nf6 2.Nf3 g6 3.g3 Bg7 4.Bg2 O-O 5.c4 d6 6.O-O Nbd7 7.Nc3 e5 8.h3 c6
9.e4 Qb6 10.c5 dxc5 11.dxe5 Ne8 12.e6 fxe6 13.Ng5 Ne5 14.f4 Nf7 15.Nxf7 Bd4+
16.Kh2 Rxf7 17.e5 Qc7 18.Ne4 b6 19.Ng5 Re7 20.Re1 a5 21.Qc2 Ba6 22.Be4 Kh8
23.Be3 Bxe3 24.Rxe3 Rd8 25.Rg1 Rd4 26.Rg2 Bc8 27.h4 c4 28.h5 gxh5 29.Qe2 Ng7
30.Bxh7 c5 31.Be4 Bb7 32.g4 Red7 33.Bxb7 Qxb7 34.Ne4 Rd3 35.Nd6 Qd5 36.gxh5 Rxe3
37.Qxe3 Qd3 38.Qg3 Qh7 39.Qg6 Qxh5+ 40.Qxh5+ Nxh5 41.Rg4 b5 42.Rh4 Rh7 43.Kg2 c3
44.bxc3 b4 45.cxb4 cxb4 46.f5 exf5 47.Nxf5 Ng7 48.Rxh7+ Kxh7 49.Nd4 a4 50.Kf3 Ne6
51.Nxe6 b3 52.axb3 axb3 53.Ng5+ Kg6 54.Ne4 b2 55.Nd2 Kf5 56.Ke3 Kxe5 57.Nc4+  1/2-1/2

[Event "BCF-ch"]
[Site "Torquay"]
[Date "1998.08.05"]
[Round "9"]
[White "Arkell, Keith C"]
[Black "Martin, Andrew D"]
[Result "0-1"]
[WhiteElo "2455"]
[BlackElo "2445"]

1.d4 Nf6 2.Nf3 d6 3.c4 g6 4.g3 Bg7 5.Bg2 O-O 6.O-O c6 7.Nc3 Nbd7 8.d5 Nb6
9.Qd3 cxd5 10.cxd5 Bg4 11.Nd4 Qd7 12.Re1 Bh3 13.Bh1 Rac8 14.b3 e5 15.dxe6 fxe6
16.Bd2 e5 17.Nf3 e4 18.Nxe4 Nxe4 19.Qxe4 Rce8 20.Qb1 Bf5 21.Qd1 Bxa1 22.Qxa1 Be4
23.Qd4 Qg7 24.Qxd6 Nd5 25.Rc1 Rf6 26.Qc5 Rc6 27.Qb5 a6 28.Qa4 b5 29.Qa3 b4
30.Qa4 Rxc1+ 31.Bxc1 Rc8 32.Bd2 Qb7 33.a3 Nc3 34.Qxb4 Qxb4 35.axb4 Nxe2+
36.Kf1 Nc1 37.Bg2 Nxb3 38.Bf4 Rc4 39.Bh3 Bd5 40.Bd6 Rc6  0-1

[Event "MK Cafe Cup-A"]
[Site "Koszalin"]
[Date "1998.08.06"]
[Round "4"]
[White "Neverov, Valeriy"]
[Black "Blehm, Pawel"]
[Result "1-0"]
[WhiteElo "2515"]
[BlackElo "2420"]

1.d4 Nf6 2.c4 g6 3.Nf3 Bg7 4.g3 O-O 5.Bg2 d6 6.O-O Nc6 7.Nc3 a6 8.b3 Rb8
9.Bb2 b5 10.cxb5 axb5 11.Re1 b4 12.Na4 Na7 13.e4 e6 14.Nd2 Bb7 15.Rc1 Qe7
16.Qe2 Rfc8 17.Rc2 Qd7 18.Rec1 Bc6 19.e5 Bb5 20.Nc4 Nd5 21.exd6 cxd6 22.Bxd5 exd5
23.Nab6 Qh3 24.Nxd5 Nc6 25.Qf3 Bxd4 26.Nxd6 Ne5 27.Rxc8+ Rxc8 28.Rxc8+ Qxc8
29.Qe4 Qh3 30.Nxb5 Bxb2 31.Nd6 Bd4 32.Nf4 Qg4 33.Kg2 Bc3 34.Nd5 Qe6 35.Nc4 f5
36.Nf4 fxe4 37.Nxe6 Nxc4 38.bxc4 Kf7 39.Nc5 Ke7 40.Nxe4 Ke6 41.Kf3 Ke5 42.Ke3 Bd4+
43.Kd3 Bb6 44.f4+ Kf5 45.h3 h5  1-0